000
00450nam a2200181Ia 4500
008
090123s9999 xx 000 0 und d
082
_b
42069
100
_a
शिरोडकर रजनी
245
_a
नकळत
250
_a
1
260
_c
2007
300
_a
239
600
_a
शिरोडकर रजनी
630
_a
नकळत
700
_a
शिरोडकर रजनी
730
_a
नकळत
942
_c
BOOK
999
_c
80147
_d
80147